A menina gotinha de água (Registo nº 4508)

Detalhes MARC
000 -Etiqueta do registo
Cabeçalho 00802nam0a2200277 4500
005 - Identificador da versão
Campo de controlo 20240813122104.0
010 ## - Número internacional normalizado dos livros (ISBN)
Número (ISBN) 9789720726742
021 ## - Número do Depósito Legal
Código do país PT
Número 379730/14
100 ## - Dados gerais de processamento
Dados gerais de processamento 20161103d2014 c y0pory5003 ba
102 ## - Pais de publicação ou produção
País de publicação Portugal
101 0# - Língua de publicação
Língua do texto, banda sonora, etc. Português
215 ## - Descrição física 
Indicação específica da natureza do documento e extensão da espécie 55 p.
Outras indicações físicas il. color
200 1# - Titulo e menção de responsabilidade
Título próprio A menina gotinha de água
Primeira menção de responsabilidade Papiniano Carlos
Outras menções de responsabilidade il. Henrique Cayatte
225 1# - Colecção 
Título próprio da colecção Educação literária
210 ## - Publicação, Distribuição, etc. 
Lugar da edição, distribuição, etc. Porto
Nome do editor, distribuidor, etc. Porto ed.
Data da publicação, distribuição, etc. 2014
300 ## - Notas gerais 
Texto da nota Metas Curriculares
Texto da nota PNL
606 ## - Nome comum usado como assunto
Número de registo de entrada de autoridade 0001358
Palavra de ordem Literatura portuguesa
Subdivisão de assunto Poesia
Código do sistema CA
675 ## - Classificação Decimal Universal (CDU)
Notação 821.134.3-1
Edição 3ª ed.
Língua da edição por
702 #1 - Nome de autor-pessoa física (responsabilidade secundária)
Número de registo de entrada de autoridade 0000007
Palavra de ordem Cayatte
Outra parte do nome não tomada para palavra de ordem Henrique
Datas 1957-
Código de função Ilustrador / Técnico de desenho computorizado
700 #1 - Nome de autor-pessoa física (responsabilidade principal)
Número de registo de entrada de autoridade 0001401
Palavra de ordem Carlos
Outra parte do nome não tomada para palavra de ordem Papiniano
Datas 1918-2012
966 ## - Identificação da Biblioteca
Sigla EBVEN
942 ## - Elementos de entrada adicionados (Koha)
Tipo de item no Koha Livro
Exemplares
Situação do levantamento Origin of item (home branch) (coded) Biblioteca de empréstimo Código de barras Cota Circulation type (not for loan) Tipo de documento Nota do exemplar Damaged status Nº de registo manual
  Biblioteca Escolar da Coca Maravilhas Biblioteca Escolar da Coca Maravilhas BECM20212 8P CAR   Livro     20212
  Biblioteca Escolar das Vendas Biblioteca Escolar das Vendas BEV2521 8POR CAR MET PNL   Livro Sem mensagem